| 000 | 00543nam a2200169 a 4500 | ||
|---|---|---|---|
| 001 | 000034666 | ||
| 005 | 20200930073828.0 | ||
| 008 | 111013s2002 sp a 000 0 spa d | ||
| 020 | _a8479086866 | ||
| 040 |
_aDO-SdBNP _bspa _cBNPHU |
||
| 082 |
_axxx _bM379 |
||
| 100 | 1 |
_aMartín Llaguno, Marta _960099 |
|
| 245 | 1 | 3 |
_aLa función de recuerdo de los medios de difusión / _cMarta Martín Llaguno. |
| 260 |
_aAlicante : _bUniversidad de Alicante, _c2002. |
||
| 300 |
_a298 p. : _bgraf. ; _c25 cm. |
||
| 500 | _aIncluye notas al pie de las páginas | ||
| 999 |
_c34157 _d34157 |
||